000 01143nam a2200325 i 4500
003 EG-GICUC
005 20260304010549.0
008 260304b1980 fr ||||fr|||| 001 0 fre d
040 _aEG-GiCUC
_bfre
_cEG-GiCUC
_dEG-GiCUC
_eRda
041 _afre
082 0 4 _221
_a341.63
_bYA . T
092 0 4 _221
099 _aLaw1 11 341.63 YA . T 1980
100 1 _a Yakemtchouk, Romain
_eAuteur
245 1 4 _aLes Transferts Internationaux D'armes De Guerre /
_cRomain Yakemtchouk.
264 1 _aParis :
_bEditions A. Pedone,
_c1980.
300 _a452 page ;
_c 24 cm.
_billustration ;
336 _2rda contenu
_a texte
337 _2rda medias
_aOrdinateur
338 _2 transporteur rda
_a Ressource en ligne
490 _aPublications De La Revue Generale De Droit International Public
_v35
504 _aBibliography: pages 200-250. 240-220
546 _aTexte en français
650 1 4 _aConduite de la guerre
_2qrmak
_xarmes et méthodes de guerre
650 1 4 _aDroit international humanitaire
_2qrmak
651 1 _2qrmak
856 4 0 _uhttps://fll.law.cu.edu.eg/fulltext/bks/B11-08552.pdf
905 _a79
942 _2ddc
_cBK
_e21
_n0
999 _c64856
_d64856